| 000 | 00000nam##2200000za#4500 |
| 001 | 9.589678 |
| 003 | CaOODSP |
| 005 | 20210624195749 |
| 007 | cr ||||||||||| |
| 008 | 150406|2002||||xxc|||||o f|0| 0 fre|d |
| 040 | |aCaOODSP|bfre |
| 041 | |aeng |
| 041 | |afre |
| 043 | |an-cn--- |
| 086 | 1 |aSP2-1/10-2002-PDF |
| 110 | 1 |aCanada. |bImprimeur de la Reine. |
| 245 | 10|aCirconscriptions électorales - propositions pour la province de l'Ontario |h[ressource électronique] |
| 260 | |bImprimeur de la Reine |cLe 17 août 2002. |
| 300 | |a97p.|bcartes, tableaux |
| 490 | 1 |aGazette du Canada, Partie I. Supplément |
| 590 | |a13-26-Supp|b2013-11-04 |
| 691 | 07|aCirconscription électorale|2gcpds |
| 791 | |tElectoral districts - proposals for the Province of Ontario |eeng|w(CaOODSP)9.589677 |
| 830 | #0|aGazette du Canada, partie I. Supplément.|w(CaOODSP)9.500176 |
| 856 | 40|ahttp://publications.gc.ca|qPDF|s7.80 Mo|uhttps://publications.gc.ca/collections/collection_2013/gazette/SP2-1-10-2002.pdf |